000 00912nam a2200241 i 4500
001 115452
003 ES-MaACL
005 20250825062558.0
007 t|
008 070309s1928 sp ||||1| spa d
100 1 _aDecrept, Etienne.
_943186
245 1 0 _aMaitena = (La más querida)
_b: pastoral lírica vasca, en dos actos /
_cEtienne Decrept ; música de Charles Colin ; adaptada al castellano por Alfredo de Echave y Santos de Urrutia.
260 _aMadrid :
_bPrensa Moderna,
_c1928.
300 _a47 p. ;
_c17 cm.
490 1 _aEl Teatro moderno ;
_v147
500 _aEstrenada en el Teatro de la Zarzuela, de Madrid, el 29 de mayo de 1928.
700 1 _aColin, Charles.
_939588
700 1 _aEchave y Nazabal, Alfredo de.
_946516
700 1 _aUrrutia, Santos de.
_9112250
830 0 3 _aEl teatro moderno (Prensa Moderna)
_v147
_9182365
852 _aES-MaACL
_jC-13046
999 _c115452
_d115452